MARC

LEADER 00000nab a2200000 a 4500
001 vtls010432043
003 SK-MaSNL
005 20260318114455.0
008 120625c2012 xo wr p 000 c0ukr
015 |a SNBRB2012/06 
038 |a SVKPOCL 
040 |a SVKPOCL  |b slo  |c SVKPOCL  |e AACR2 
041 0 |a ukr 
044 |a xo  |c SK 
080 |a 80(=16)+908(4)  |2 2001 
080 |a 398.332.12  |2 2001 
080 |a 745.55  |2 2001 
080 |a 746.3  |2 2001 
080 |a 061.4  |2 2001 
080 |a 069(=161.2)(437.6)  |2 2001 
080 |a 7.071:398  |2 2001 
080 |a 398  |2 2001 
080 |a 746.3:391  |2 2001 
080 |a 391  |2 2001 
100 1 |a Varchol, Jozef,  |d 1950-  |4 aut  |9 28385 
245 1 0 |a Hlyboka ljubov do pysankovoho mystectva  |c Josyf Varchol 
300 |b Fotogr. 
500 |a Na titúlnej strane a na strane 2 je chýbne uvedený rok vydania 2011 - správne ma byť 2012 
600 1 7 |a Lišivková, Jana  |2 svkpocl  |9 1606263 
600 1 7 |a Macková, Anastázia  |2 svkpocl  |9 1606264 
600 1 7 |a Baňasová, Ružena  |2 svkpocl  |9 1088961 
600 1 7 |a Šelepcová, Emília  |2 svkpocl  |9 1606265 
600 1 7 |a Lattová, Jarmila,  |d 1949-  |2 svkpocl  |9 1279735 
600 1 7 |a Kravcová, Mária,  |d 1958-  |2 svkpocl  |9 1606266 
600 1 7 |a Olijár, Andrej,  |d 1959-  |2 svkpocl  |9 1606267 
600 1 7 |a Gerzaničová, Kristína,  |d 1936-  |2 svkpocl  |9 39426 
610 2 7 |a Múzeum ukrajinskej kultúry (Svidník, Slovensko)  |2 svkpocl  |9 33119 
611 2 7 |a Kraslice 2012  |g výstava  |n (13. :  |d 2012 :  |c Svidník, Slovensko)  |2 svkpocl  |9 1505083 
648 7 |a 16.3.-31.5.2012  |2 svkpocl  |9 1505084 
650 0 7 |a kraslice  |2 svkpocl  |9 13850 
650 0 7 |a výšivky  |2 svkpocl  |9 3102 
650 0 7 |a výstavy  |2 svkpocl  |9 2780 
650 0 7 |a ľudové výšivky  |2 svkpocl  |9 82603 
650 0 7 |a slavistika  |2 svkpocl  |9 4282 
650 0 7 |a ukrajinské múzeá  |z Slovensko  |2 svkpocl  |9 1220798 
651 7 |a Svidník (Slovensko)  |2 svkpocl  |9 28309 
651 7 |a Snina (Slovensko)  |2 svkpocl  |9 17361 
651 7 |a Vojčice (Slovensko)  |2 svkpocl  |9 51856 
651 7 |a Trebišov (Slovensko : okres)  |2 svkpocl  |9 56230 
651 7 |a Bardejov (Slovensko)  |2 svkpocl  |9 20040 
651 7 |a Stakčín (Slovensko)  |2 svkpocl  |9 29326 
651 7 |a Snina (Slovensko : okres)  |2 svkpocl  |9 56337 
651 7 |a Nižná Pisaná (Slovensko)  |2 svkpocl  |9 59560 
773 0 |t Nove žyttja  |g Roč. 62, č. 9 (2012), s. 5 
852 |a SVKPO  |b KIS3GCP 
856 4 1 |u www.rusini-ukrajinci.tym.sk 
958 |a UK 
958 |a SK 
958 |a RN 
958 |a SS 
958 |a BX 
999 |c 3307331  |d 3309261